000 00350nam a2200133Ia 4500
005 20251222143121.0
008 251222s9999||||xx |||||||||||||| ||spa||
082 _a869.569/F43
100 _aFerrari, Américo
245 0 _aEl Universo Poético de César Vallejo
250 _a2a.ed.
264 _bUniversidad de San Martín de Porres
942 _cLIB
999 _c11541
_d11541